Spoločenskú zodpovednosť odzrkadľuje aj skladba ponuky
Spoločensky zodpovedné správanie podnikateľov v maloobchode sa stáva podmienkou úspešného fungovania na našom trhu. Latku vysoko nasadili najmä nadnárodné obchodné reťazce. Tri piliere CSR.
Gespeichert in:
| 1. Verfasser: | |
|---|---|
| Format: | Buchkapitel |
| Sprache: | Slowakisch |
| Schlagworte: | |
| Tags: |
Keine Tags, Fügen Sie das erste Tag hinzu!
|
MARC
| LEADER | 00000naa a2200000 4500 | ||
|---|---|---|---|
| 001 | 0143763 | ||
| 005 | 20231208065145.5 | ||
| 041 | 0 | |a slo | |
| 044 | |a SK | ||
| 245 | 1 | 0 | |a Spoločenskú zodpovednosť odzrkadľuje aj skladba ponuky |c Anna Palfiová |
| 520 | |a Spoločensky zodpovedné správanie podnikateľov v maloobchode sa stáva podmienkou úspešného fungovania na našom trhu. Latku vysoko nasadili najmä nadnárodné obchodné reťazce. Tri piliere CSR. | ||
| 610 | 2 | 0 | |a podnik |
| 610 | 2 | 0 | |a zodpovednosť spoločenská |
| 610 | 2 | 0 | |a maloobchod |
| 100 | 1 | |a Palfiová, Anna | |